000 00665nam a22002057a 4500
005 2010082108228.0
010 _aENG-101203
020 _c150.00
_a9789380173115
035 _aEN-84736
037 _bDBAD/PUB
082 _a910
100 _aKamala, M.
_916764
245 _aInformation age and space /
_cby M.Kamala
260 _aKoradacherry
_bAruma Pathipagam
_c2009
270 _a35 Gandhi Colony
_bKoradacherry
_e613703
300 _a100p.:
_c20cm (pbk)
_bill.
_eb&w photoes and maps
700 _915942
942 _2ddc
_cEN
_h910
_mKAM
999 _c42899
_d42899